National Anthem of Lithuania - "Tautiška giesmė" - Statistics

General Stats
  • This quiz has been taken 16 times
  • The average score is 42 of 50
Answer Stats
Answer % Correct
didvyrių
100%
100%
Lietuva,
100%
mūsų,
100%
praeities
100%
sūnūs
100%
Tavo
100%
Tėvyne
100%
tu
100%
žeme,
100%
dorybės,
89%
eina
89%
takais
89%
Tavo
89%
te
89%
Tegul
89%
vaikai
89%
vien
89%
dega
78%
dirba
78%
gėrybei.
78%
ir
78%
ir
78%
ir
78%
Lietuvoj
78%
Lietuvos
78%
Lietuvos
78%
meile
78%
mūs
78%
mūsų
78%
naudai
78%
prašalina,
78%
saulė
78%
semia.
78%
širdyse,
78%
stiprybę
78%
šviesa,
78%
tamsumas
78%
Tavo
78%
tegul
78%
Tegul
78%
Tegul
78%
telydi.
78%
težydi!
78%
tiesa,
78%
tos,
78%
vardan
78%
vienybė
78%
žingsnius
78%
žmonių
78%
No matching quizzes found
Score Distribution
Percent of People with Each Score
Percentile by Number Answered
Your Score History
You have not taken this quiz